000
00333 a2200157 4500
001
150836
040
_c
Escola São Tomás de Aquino
100
_a
PÓVOA, Liberato
240
1
0
_a
O senhor do tempo
_l
por
245
1
0
_a
O senhor do tempo
300
_a
56
362
0
_a
1997
440
1
_a
Lê
697
_a
Psicologia
942
_c
BK
999
_c
150836
_d
150836